CONTROL TECHNIQUES FOR OFFICE EFFICIENCY (Record no. 567842)
[ view plain ]
| 000 -LEADER | |
|---|---|
| fixed length control field | 00264nam a22001097a 4500 |
| 082 ## - DEWEY DECIMAL CLASSIFICATION NUMBER | |
| Classification number | 658.3 GRI'C |
| 100 ## - MAIN ENTRY--PERSONAL NAME | |
| Personal name | GRILLO, ELMER V |
| 9 (RLIN) | 57573 |
| 245 ## - TITLE STATEMENT | |
| Title | CONTROL TECHNIQUES FOR OFFICE EFFICIENCY |
| 260 ## - PUBLICATION, DISTRIBUTION, ETC. | |
| Place of publication, distribution, etc. | NEWYORK |
| Name of publisher, distributor, etc. | MCGRAW HILL |
| Date of publication, distribution, etc. | 1963 |
| 300 ## - PHYSICAL DESCRIPTION | |
| Extent | 273P |
| 942 ## - ADDED ENTRY ELEMENTS (KOHA) | |
| Koha item type | Book |
| Withdrawn status | Lost status | Damaged status | Not for loan | Permanent Location | Current Location | Shelving location | Date acquired | Total Checkouts | Full call number | Barcode | Date last seen | Price effective from | Koha item type |
|---|---|---|---|---|---|---|---|---|---|---|---|---|---|
| College of Electrical & Mechanical Engineering (CEME) | College of Electrical & Mechanical Engineering (CEME) | General Stacks | 07/13/2017 | 658.3 GRI'C | CEME-3948 | 06/28/2021 | 06/28/2021 | Book |
